00842nam a2200205Ia 4500001001000000003000500010008004100015010001100056040000900067100003900076245017900115260003400294300001000328502010400338650003500442650003800477650003700515650003400552710005000586Para_5665CHAP220125s1979 xx 000 0 und d a204095 cCHAP aAlvizo Villasana, Héctor Félix aResistencia sistemática adquirida al virus mosaico del tabaco y virus enanismo arbustivo del jitomate en hospederos hipersensibles /c por Héctor Félix Alviso Villasana aChapingo, Méx. :b el autor a50 h. aTesis (Ing. Agr. Esp. en Parasitología Agrícola). UACh. Departamento Parasitología Agrícola aEnanismo arbustivo del tomate  aTabaco x enfermedades por virus  aTomate x enfermedades por virus aVirus del mosaico del tabaco  aUACh. Departamento Parasitología Agrícola